Debussy for dummies.

Bibliographic Details
Main Author: Debussy, Claude, 1862-1918
Corporate Authors: London Symphony Orchestra (Performer), Berliner Philharmoniker (Performer), Orchestre national de l'O.R.T.F (Performer), EMI (Firm)
Other Authors: Previn, André, 1929-2019 (Conductor), Karajan, Herbert von (Conductor), Ousset, Cécile (Performer), Martinon, Jean, 1910-1976 (Conductor), Béroff, Michel, 1950- (Performer)
Format: CD Audio
Published: New York, NY : EMI, [1996]
Series:Classics for dummies.
Subjects:

MARC

Tag First Indicator Second Indicator Subfields
LEADER 00000cjm a2200000 a 4500
001 in00001402365
005 20191019063331.0
006 m u
007 sd fsngnn|||ee
007 sd fsngnn|||ed
008 970129r19961972nyumun aeir N/A d
024 1 |a 2435662650 
028 0 0 |a 7243 5 66265 0 8  |b EMI 
028 0 0 |a CDU 7243 5 66265 0 8  |b EMI 
028 0 0 |a 66265  |b EMI 
035 |a (OCoLC)36289589 
035 |9 AHN0559AM 
040 |a JBL  |c JBL  |d CPL  |d TXA  |d UtOrBLW 
047 |a sp  |a su 
049 |a TXAM 
090 |a M3.1.D28  |b D4 1996 
092 0 |a 784.2  |2 21 
100 1 |a Debussy, Claude,  |d 1862-1918. 
240 1 0 |a Instrumental music.  |k Selections 
245 1 0 |a Debussy for dummies. 
264 1 |a New York, NY :  |b EMI,  |c [1996] 
264 4 |c ℗1996 
300 |a 1 sound disc :  |b digital, stereo. ;  |c 4 3/4 in. 
306 |a 002500  |a 001014  |a 000501  |a 000709  |a 000251  |a 000643  |a 000631 
336 |a performed music  |b prm  |2 rdacontent 
337 |a audio  |b s  |2 rdamedia 
338 |a audio disc  |b sd  |2 rdacarrier 
490 1 |a Classics for dummies 
500 |a EMI: 7243 5 66265 0 8 (additional number on container: CDU 7243 5 66265 0 8). 
500 |a The 1st-2nd works are symphonic poems, the 4th and 6th, excerpts from suites. 
511 0 |a Various performers. 
500 |a Previously released in 1972 (2nd work), 1974 (4th, 7th works), 1984 (1st, 6th works), 1991 (3rd, 5th works). 
500 |a "Enhanced CD"--Container. 
538 |a Runs on some CD-ROM drives with: Macintosh, Windows 3.1, Windows 95 or Windows NT; 5 MB RAM. 
500 |a Program notes by David Foil (11 pages) inserted in container. 
505 0 |a La mer (London Symphony Orchestra; André Previn, conductor) (25:00) -- Prelude to the afternoon of a faun (Berlin Philharmonic; Herbert von Karajan, conductor) (10:14) -- Suite bergamasque. Claire de lune (Cécile Ousset, piano) (5:01) -- Images. I., Gigues (Orchestre national de l'ORFT; Jean Martinon, conductor) (7:09) -- Children's corner suite. Golliwogg's cake-walk (Michel Béroff, piano) (2:51) -- Nocturnes. II., Fêtes (LSO; Previn) (6:43) -- Printemps : symphonic suite. Part II / orch. Büsser (Orchestre national de l'ORTF; Martinon) (6:31). 
500 |a Sound recording. 
650 0 |a Symphonic poems. 
650 0 |a Suites (Piano)  |v Excerpts. 
650 0 |a Suites (Orchestra)  |v Excerpts. 
650 0 |a Music  |x Interactive multimedia. 
650 0 |a Music appreciation  |v Music collections. 
700 1 |a Previn, André,  |d 1929-2019  |e conductor. 
700 1 |a Karajan, Herbert von,  |e conductor. 
700 1 |a Ousset, Cécile,  |e performer. 
700 1 |a Martinon, Jean,  |d 1910-1976,  |e conductor. 
700 1 |a Béroff, Michel,  |d 1950-  |e performer. 
700 1 2 |a Debussy, Claude,  |d 1862-1918.  |t Mer. 
700 1 |a Debussy, Claude,  |d 1862-1918.  |t Prélude à l'après-midi d'un faune. 
700 1 2 |a Debussy, Claude,  |d 1862-1918.  |t Suite bergamasque.  |p Clair de lune. 
700 1 2 |a Debussy, Claude,  |d 1862-1918.  |t Images,  |m orchestra.  |p Gigues. 
700 1 2 |a Debussy, Claude,  |d 1862-1918.  |t Children's corner.  |p Golliwogg's cake-walk. 
700 1 2 |a Debussy, Claude,  |d 1862-1918.  |t Nocturnes,  |m orchestra.  |p Fêtes. 
700 1 2 |a Debussy, Claude,  |d 1862-1918.  |t Printemps (Suite);  |o arranged.  |p 2ème partie. 
710 2 |a London Symphony Orchestra,  |e performer. 
710 2 |a Berliner Philharmoniker,  |e performer. 
710 2 |a Orchestre national de l'O.R.T.F,  |e performer. 
710 2 |a EMI (Firm) 
830 0 |a Classics for dummies. 
999 |a MARS 
999 f f |s fa036813-0690-35a3-9ed3-581d3ae124bb  |i b66f5e53-2663-3db6-9b1b-26c2bd8f56a1  |t 0 
952 f f |p ric  |a Texas A&M University  |b Rellis Campus  |c Joint Library Facility  |d Remote Storage  |t 0  |e M3.1.D28 D4 1996  |h Library of Congress classification  |i audio -- audio disc  |m A14826519943 
998 f f |a M3.1.D28 D4 1996  |t 0  |l Remote Storage